00484 2200169 4500245004400000020002200044250001100066100002000077700002400097650002200121005001900143260009700162041001400259084001200273300002000285336000900305 aKamus KemaritimancDiyan KrisdianhText a978-602-437-553-9 aCet. 1 aDiyan Krisdiana aVita k Luthfia Urfa aKamus Kemaritiman a20241031110841 aJakartabBadan Pengembangan dan Pembinaan Bahasa Kementerian Pendidikan dan Kebudayaanc2018 aIndonesia a623.803 a169 Hlm. :cPDF atext